000 00696nam a2200253Ia 4500
003 OSt
005 20220924124331.0
006 a|||||r|||| 00| 0
007 ta
008 220923b |||||||| |||| 00| 0 urd d
020 _c7.50
024 _a318211
037 _cTextual
040 _aARTS
_cARTS
_burd
041 _2urd
_aurd
082 _aO168,3NBH,1, L0
100 _aBhardawaj Kirpa Shankar Au.
_9195481
245 0 _aEk ansoo ek patthar
260 _aNew Delhi
_b Prince Book Depo India
_c1970
300 _a269p.
_ccm.
650 _aURDU FICTION
_93298
942 _hO168,3NBH,1, L0
_cTEXL
_2CC
999 _c419283
_d419283